Edexcel Politics - Political Parties - Statistics

General Stats
  • This quiz has been taken 7 times
  • The average score is 16 of 22
Answer Stats
Hint Answer % Correct
What did the Lib Dems and Conservatives form in 2010 Coalition
100%
What leader of the Conservative Party called for the Brexit Referendum in their 2015 Manifesto David Cameron
100%
Main NI unionist party DUP
100%
Who is the Current Leader of the Liberal Democrats Ed Davey
100%
Who is the current leader of the Conservative Party Kemi Badenoch
100%
Who is the current leader of the Labour party Kier Starmer
100%
Who is the Current Leader of Reform UK Nigel Farage
100%
Main Scottish independence party SNP
100%
Which formerly significant party pressured the Conservatives into Brexit UKIP
100%
How many seats does the Green party have in parliament 5
75%
How many Seats do the Liberal Democrats have currently in Parliament 72
75%
How many seats does Reform have in Parliament 8
75%
What did the Tories form under Theresa May with Arlene Foster's party following the 2017 General Election a Confidence and supply agreement
75%
What now removed aspect of the Labour Party ensured their commitment to socialism Clause IV
75%
Main Welsh independence party Plaid Cymru
75%
Main Northern Irish independence party Sinn Fein
75%
The Liberal Democrats were founded following a merger between the Liberal Party and which Labour Offshoot The SDP/ Social Democrats
75%
How many Seats does the Conservative Party have currently in Parliament 116
25%
How many Seats does the Labour Party have currently in Parliament 404
25%
Which ensured their cooperation in passing the Budget
25%
Who is the Current Leader of the Green Party Zack Polanski
25%
and preventing motions of No Confidence
0%
No matching quizzes found
Score Distribution
Percent of People with Each Score
Percentile by Number Answered
Your Score History
You have not taken this quiz